[Event "EYCC 2024 - G14"]
[Site "?"]
[Date "2024.08.31"]
[Round "9.10"]
[White "Khairova, Evelina"]
[Black "Bauer, Laura Sophie"]
[Result "0-1"]
[BlackElo "1943"]
[WhiteElo "1717"]
[LiveChessVersion "1.4.8"]

1. Nf3 {[%clk 1:30:56]} d5 {[%clk 1:30:54]} 2. g3 {[%clk 1:31:20]} Nf6
{[%clk 1:31:18]} 3. Bg2 {[%clk 1:31:41]} Bf5 {[%clk 1:31:36]} 4. O-O
{[%clk 1:31:18]} e6 {[%clk 1:29:24]} 5. c4 {[%clk 1:28:47]} c6 {[%clk 1:29:18]}
6. d4 {[%clk 1:26:08]} h6 {[%clk 1:24:45]} 7. b3 {[%clk 1:24:28]} Be7
{[%clk 1:22:41]} 8. Bb2 {[%clk 1:24:09]} O-O {[%clk 1:22:31]} 9. Nc3
{[%clk 1:23:44]} Nbd7 {[%clk 1:21:58]} 10. Nd2 {[%clk 1:20:27]} Qc7
{[%clk 1:15:43]} 11. e4 {[%clk 1:14:11]} dxe4 {[%clk 1:16:01]} 12. Ncxe4
{[%clk 1:13:44]} Nxe4 {[%clk 1:15:32]} 13. Nxe4 {[%clk 1:14:01]} Nf6
{[%clk 1:15:12]} 14. Qe2 {[%clk 1:08:13]} Nxe4 {[%clk 1:14:25]} 15. Bxe4
{[%clk 1:08:36]} Bxe4 {[%clk 1:14:37]} 16. Qxe4 {[%clk 1:09:02]} Bf6
{[%clk 1:14:47]} 17. Rad1 {[%clk 1:03:28]} Rad8 {[%clk 1:14:17]} 18. f4
{[%clk 0:59:40]} Qa5 {[%clk 1:00:27]} 19. a3 {[%clk 0:51:35]} Qb6
{[%clk 0:53:28]} 20. b4 {[%clk 0:47:00]} a5 {[%clk 0:50:02]} 21. Bc3
{[%clk 0:41:41]} axb4 {[%clk 0:48:13]} 22. axb4 {[%clk 0:40:13]} Qa6
{[%clk 0:43:52]} 23. Qd3 {[%clk 0:35:48]} b5 {[%clk 0:42:23]} 24. cxb5
{[%clk 0:27:36]} Qxb5 {[%clk 0:41:10]} 25. Qxb5 {[%clk 0:26:56]} cxb5
{[%clk 0:39:22]} 26. Rd3 {[%clk 0:22:26]} Rd5 {[%clk 0:39:16]} 27. Rfd1
{[%clk 0:17:05]} Rc8 {[%clk 0:38:02]} 28. Kg2 {[%clk 0:16:40]} Rc4
{[%clk 0:32:52]} 29. Kf3 {[%clk 0:15:11]} Be7 {[%clk 0:31:12]} 30. Rb1
{[%clk 0:14:25]} Kf8 {[%clk 0:27:30]} 31. Ke4 {[%clk 0:13:14]} g6
{[%clk 0:26:02]} 32. Ke3 {[%clk 0:12:16]} Bf6 {[%clk 0:24:02]} 33. Ke4
{[%clk 0:10:17]} Bg7 {[%clk 0:22:59]} 34. Rbd1 {[%clk 0:09:26]} Ke7
{[%clk 0:22:36]} 35. Ke3 {[%clk 0:08:55]} Kd7 {[%clk 0:21:49]} 36. Ke4
{[%clk 0:07:55]} Bf6 {[%clk 0:18:50]} 37. Ke3 {[%clk 0:06:30]} Be7
{[%clk 0:18:01]} 38. Rb1 {[%clk 0:06:32]} Kc6 {[%clk 0:18:07]} 39. Rb3
{[%clk 0:03:03]} Rd7 {[%clk 0:16:45]} 40. Rd2 {[%clk 0:02:50]} Kd5
{[%clk 0:16:44]} 41. Ra2 {[%clk 0:01:36]} Rdc7 {[%clk 0:13:37]} 42. Kd3
{[%clk 0:01:53]} Bf6 {[%clk 0:13:28]} 43. Ra5 {[%clk 0:02:13]} Rb7
{[%clk 0:13:49]} 44. Rba3 {[%clk 0:02:14]} Bxd4 {[%clk 0:13:57]} 45. Bxd4
{[%clk 0:02:29]} Rxd4+ {[%clk 0:14:21]} 46. Ke3 Re4+ {[%clk 0:13:32]} 47. Kf3
{[%clk 0:02:26]} Rxb4 {[%clk 0:13:55]} 48. Ra7 {[%clk 0:02:28]} Kc6
{[%clk 0:13:11]} 49. R3a6+ {[%clk 0:01:51]} Kc7 {[%clk 0:13:28]} 50. Ra8
{[%clk 0:01:42]} Rd4 {[%clk 0:13:28]} 51. Ke3 {[%clk 0:00:40]} Rd6
{[%clk 0:13:35]} 52. R6a7 {[%clk 0:00:37]} Rdb6 {[%clk 0:13:14]} 53. Ra2
{[%clk 0:00:32]} b4 {[%clk 0:12:19]} 54. Kd4 {[%clk 0:00:33]} Rc6
{[%clk 0:11:50]} 55. Rb2 {[%clk 0:00:40]} Rcb6 {[%clk 0:11:07]} 56. Ke5
{[%clk 0:00:36]} b3 {[%clk 0:10:43]} 57. Kf6 {[%clk 0:00:37]} Kd6
{[%clk 0:10:36]} 58. Rf8 {[%clk 0:00:35]} Kc5 {[%clk 0:08:42]} 59. Rxf7
{[%clk 0:00:47]} e5+ {[%clk 0:08:55]} 60. Kg7 {[%clk 0:00:46]} Rxf7+
{[%clk 0:09:16]} 61. Kxf7 {[%clk 0:01:07]} exf4 {[%clk 0:09:34]} 62. gxf4 Kd4
{[%clk 0:08:56]} 63. h4 {[%clk 0:00:51]} Ke4 {[%clk 0:08:50]} 0-1

[Event "EYCC 2024 - G14"]
[Site "?"]
[Date "2024.08.31"]
[Round "9.11"]
[White "Huseynova, Dinara"]
[Black "Vlajcevic, Matilda"]
[Result "1-0"]
[BlackElo "1588"]
[WhiteElo "1923"]
[LiveChessVersion "1.4.8"]

1. Nf3 {[%clk 1:30:47]} Nf6 {[%clk 1:30:54]} 2. b3 {[%clk 1:30:58]} d5
{[%clk 1:31:18]} 3. Bb2 {[%clk 1:31:23]} Bf5 {[%clk 1:30:18]} 4. d3
{[%clk 1:31:30]} e6 {[%clk 1:30:17]} 5. Nbd2 {[%clk 1:31:37]} h6 {[%clk 1:28:03]}
6. g3 {[%clk 1:31:33]} Be7 {[%clk 1:24:36]} 7. Bg2 {[%clk 1:31:45]} O-O
{[%clk 1:24:29]} 8. O-O {[%clk 1:32:02]} c6 {[%clk 1:23:52]} 9. Re1
{[%clk 1:30:48]} Nbd7 {[%clk 1:21:17]} 10. c4 {[%clk 1:28:13]} Rc8
{[%clk 1:20:24]} 11. h3 {[%clk 1:25:46]} Nb6 {[%clk 1:15:26]} 12. Ne5
{[%clk 1:20:41]} Bh7 {[%clk 1:08:18]} 13. Kh1 {[%clk 1:13:37]} Nfd7
{[%clk 1:05:57]} 14. Nxd7 {[%clk 1:06:46]} Nxd7 {[%clk 1:05:44]} 15. a4
{[%clk 1:05:25]} Bf6 {[%clk 1:05:34]} 16. Bxf6 {[%clk 1:05:35]} Qxf6
{[%clk 1:02:54]} 17. Rf1 {[%clk 1:04:09]} Kh8 {[%clk 0:59:32]} 18. Nf3
{[%clk 1:02:32]} Ne5 {[%clk 0:52:37]} 19. Nxe5 {[%clk 1:00:12]} Qxe5
{[%clk 0:53:00]} 20. Qd2 {[%clk 1:00:36]} Rfd8 {[%clk 0:47:04]} 21. c5
{[%clk 0:59:51]} a6 {[%clk 0:45:11]} 22. Rfc1 {[%clk 0:57:34]} Qd4
{[%clk 0:42:35]} 23. Kg1 {[%clk 0:56:57]} Qf6 {[%clk 0:38:18]} 24. b4
{[%clk 0:53:20]} Qe7 {[%clk 0:36:34]} 25. Rab1 {[%clk 0:53:06]} Bg6
{[%clk 0:33:30]} 26. Qc3 {[%clk 0:50:35]} Qd7 {[%clk 0:29:17]} 27. b5
{[%clk 0:48:21]} axb5 {[%clk 0:28:15]} 28. axb5 {[%clk 0:48:50]} cxb5
{[%clk 0:27:59]} 29. Qb4 {[%clk 0:49:02]} Rc7 {[%clk 0:27:06]} 30. Qxb5
{[%clk 0:49:04]} Qxb5 {[%clk 0:27:27]} 31. Rxb5 {[%clk 0:49:32]} Ra8
{[%clk 0:26:37]} 32. f3 {[%clk 0:48:50]} Kg8 {[%clk 0:26:03]} 33. Kf2
{[%clk 0:44:06]} Kf8 {[%clk 0:25:55]} 34. Rc2 {[%clk 0:41:38]} Ke7
{[%clk 0:24:43]} 35. Rcb2 {[%clk 0:41:59]} Ra7 {[%clk 0:24:08]} 36. d4
{[%clk 0:42:15]} f5 {[%clk 0:19:52]} 37. R5b3 {[%clk 0:41:55]} Kd8
{[%clk 0:17:01]} 38. Ke3 {[%clk 0:42:06]} Be8 {[%clk 0:16:45]} 39. Kf4
{[%clk 0:41:41]} g5+ {[%clk 0:16:16]} 40. Ke5 {[%clk 0:41:26]} Ke7
{[%clk 0:16:37]} 41. e4 {[%clk 0:35:41]} Bg6 {[%clk 0:11:08]} 42. exd5
{[%clk 0:35:21]} exd5 {[%clk 0:11:29]} 43. Rb6 {[%clk 0:35:40]} Kf7
{[%clk 0:10:41]} 44. Kxd5 {[%clk 0:35:30]} Kg7 {[%clk 0:10:20]} 45. Kc4
{[%clk 0:35:18]} f4 {[%clk 0:10:08]} 46. gxf4 {[%clk 0:35:07]} gxf4
{[%clk 0:10:28]} 47. d5 {[%clk 0:31:16]} Bf7 {[%clk 0:10:27]} 48. Kd4
{[%clk 0:30:31]} Ra4+ {[%clk 0:10:15]} 49. R6b4 {[%clk 0:30:50]} Rxb4+
{[%clk 0:10:15]} 50. Rxb4 {[%clk 0:31:19]} Kf6 {[%clk 0:09:37]} 51. d6
{[%clk 0:31:32]} Rd7 {[%clk 0:09:53]} 52. Bf1 {[%clk 0:31:56]} Bh5
{[%clk 0:09:35]} 53. Bb5 {[%clk 0:31:23]} Rd8 {[%clk 0:09:37]} 54. Ke4
{[%clk 0:31:28]} Rf8 {[%clk 0:09:16]} 55. Bd7 {[%clk 0:30:53]} Bg6+
{[%clk 0:07:52]} 56. Kxf4 {[%clk 0:30:30]} Kg7+ {[%clk 0:07:14]} 57. Kg3
{[%clk 0:30:41]} Bh5 {[%clk 0:07:15]} 58. f4 {[%clk 0:30:27]} Rg8
{[%clk 0:06:22]} 59. Rxb7 {[%clk 0:30:42]} Kf6+ {[%clk 0:06:40]} 60. Kf2
{[%clk 0:30:45]} Be8 {[%clk 0:06:47]} 61. c6 {[%clk 0:30:47]} Bxd7
{[%clk 0:06:56]} 62. Rxd7 {[%clk 0:31:02]} Ke6 {[%clk 0:07:16]} 63. f5+
{[%clk 0:31:31]} Kxf5 {[%clk 0:07:25]} 64. c7 {[%clk 0:31:54]} Ke6
{[%clk 0:07:46]} 65. Rd8 {[%clk 0:32:20]} 1-0

[Event "EYCC 2024 - G14"]
[Site "?"]
[Date "2024.08.31"]
[Round "9.12"]
[White "Ceruta, Alexandra"]
[Black "Buchtova, Viktorie"]
[Result "0-1"]
[BlackElo "1854"]
[WhiteElo "1710"]
[LiveChessVersion "1.4.8"]

1. e4 {[%clk 1:31:00]} c5 {[%clk 1:30:54]} 2. Nf3 {[%clk 1:31:15]} Nc6
{[%clk 1:31:16]} 3. d4 {[%clk 1:31:28]} cxd4 {[%clk 1:31:38]} 4. Nxd4
{[%clk 1:31:44]} g6 {[%clk 1:31:59]} 5. Nc3 {[%clk 1:30:58]} Bg7 {[%clk 1:32:24]}
6. Be3 {[%clk 1:31:01]} Nf6 {[%clk 1:32:40]} 7. Bc4 {[%clk 1:31:08]} O-O
{[%clk 1:33:02]} 8. f3 {[%clk 1:31:05]} d6 {[%clk 1:33:02]} 9. Qd2
{[%clk 1:30:09]} Bd7 {[%clk 1:33:18]} 10. g4 {[%clk 1:24:24]} Ne5
{[%clk 1:28:51]} 11. Bb3 {[%clk 1:22:03]} b5 {[%clk 1:27:41]} 12. Qe2
{[%clk 1:08:50]} Rb8 {[%clk 1:24:03]} 13. h3 {[%clk 0:57:57]} Nc4
{[%clk 1:01:51]} 14. Bxc4 {[%clk 0:50:08]} bxc4 {[%clk 1:02:06]} 15. Qxc4
{[%clk 0:46:17]} Rxb2 {[%clk 1:00:18]} 16. Nb3 {[%clk 0:45:26]} Rxc2
{[%clk 0:56:42]} 17. Bd2 {[%clk 0:29:52]} Nd5 {[%clk 0:13:41]} 18. exd5
{[%clk 0:21:05]} Qc8 {[%clk 0:14:07]} 19. Qd3 {[%clk 0:11:00]} Rxc3
{[%clk 0:14:16]} 20. Bxc3 {[%clk 0:11:04]} Bxc3+ {[%clk 0:14:14]} 21. Ke2
{[%clk 0:11:06]} Bxa1 {[%clk 0:14:28]} 22. Rxa1 {[%clk 0:11:22]} Qb7
{[%clk 0:14:04]} 23. Kf2 {[%clk 0:09:00]} Rc8 {[%clk 0:14:24]} 24. Re1
{[%clk 0:08:34]} Bb5 {[%clk 0:12:58]} 25. Qe4 {[%clk 0:07:00]} Rc7
{[%clk 0:13:00]} 26. Nd4 {[%clk 0:05:47]} Rc4 {[%clk 0:06:11]} 27. Rb1
{[%clk 0:03:32]} a6 {[%clk 0:02:52]} 28. h4 {[%clk 0:02:38]} Qa7 {[%clk 0:02:17]}
29. Ke3 {[%clk 0:02:39]} Rc3+ {[%clk 0:02:06]} 30. Kd2 {[%clk 0:02:09]} Rd3+
{[%clk 0:02:01]} 31. Qxd3 {[%clk 0:02:33]} Bxd3 {[%clk 0:02:29]} 32. Kxd3
{[%clk 0:03:02]} Qc5 {[%clk 0:02:13]} 33. h5 {[%clk 0:02:11]} Kg7
{[%clk 0:01:12]} 34. g5 {[%clk 0:01:48]} gxh5 {[%clk 0:01:03]} 35. Nf5+
{[%clk 0:01:38]} Kg6 {[%clk 0:01:28]} 36. Nxe7+ {[%clk 0:01:45]} Kxg5
{[%clk 0:01:55]} 37. Rb2 {[%clk 0:01:16]} Qa3+ {[%clk 0:00:49]} 38. Rb3
{[%clk 0:00:59]} Qxa2 {[%clk 0:01:16]} 39. Rb4 {[%clk 0:00:33]} Kf6
{[%clk 0:00:47]} 40. Ng8+ {[%clk 0:00:38]} Kg7 {[%clk 0:00:57]} 41. Ne7
{[%clk 0:00:59]} Kf8 {[%clk 0:00:56]} 42. Nc8 {[%clk 0:00:44]} Qxd5+
{[%clk 0:01:14]} 43. Kc3 {[%clk 0:00:39]} Qxf3+ {[%clk 0:01:12]} 44. Kb2
{[%clk 0:00:52]} Qe2+ {[%clk 0:01:10]} 45. Ka3 {[%clk 0:01:00]} Qe3+
{[%clk 0:00:51]} 46. Kb2 {[%clk 0:01:15]} Qc5 {[%clk 0:00:55]} 47. Rb8
{[%clk 0:01:16]} Qc7 {[%clk 0:01:03]} 48. Rb3 {[%clk 0:00:48]} Qxc8
{[%clk 0:01:29]} 49. Rc3 {[%clk 0:01:07]} Qxc3+ {[%clk 0:01:52]} 50. Kxc3
{[%clk 0:01:33]} a5 {[%clk 0:02:20]} 51. Kd2 {[%clk 0:01:54]} h4 {[%clk 0:02:48]}
52. Ke2 {[%clk 0:02:10]} a4 {[%clk 0:03:11]} 53. Kf2 {[%clk 0:02:30]} a3
{[%clk 0:03:40]} 54. Kg2 {[%clk 0:02:52]} a2 {[%clk 0:04:08]} 55. Kh3
{[%clk 0:03:13]} a1=Q {[%clk 0:04:34]} 56. Kxh4 {[%clk 0:03:25]} Qg1
{[%clk 0:04:56]} 57. Kh5 {[%clk 0:03:48]} Qg3 {[%clk 0:05:15]} 58. Kh6
{[%clk 0:04:10]} Qg6# {[%clk 0:05:43]} 0-1

[Event "EYCC 2024 - G14"]
[Site "?"]
[Date "2024.08.31"]
[Round "9.13"]
[White "Castagnerol, Cerise"]
[Black "Gevorgyan, Nrane"]
[Result "1-0"]
[BlackElo "1627"]
[WhiteElo "1845"]
[LiveChessVersion "1.4.8"]

1. d4 {[%clk 1:30:53]} Nf6 {[%clk 1:30:57]} 2. c4 {[%clk 1:31:07]} e6
{[%clk 1:31:25]} 3. Nf3 {[%clk 1:31:05]} b6 {[%clk 1:31:51]} 4. Nc3
{[%clk 1:29:58]} Bb7 {[%clk 1:32:14]} 5. g3 {[%clk 1:29:35]} Be7 {[%clk 1:32:37]}
6. Bg2 {[%clk 1:29:01]} O-O {[%clk 1:32:59]} 7. Qc2 {[%clk 1:22:13]} d5
{[%clk 1:32:44]} 8. O-O {[%clk 1:09:03]} Nbd7 {[%clk 1:32:43]} 9. cxd5
{[%clk 1:08:01]} Nxd5 {[%clk 1:33:01]} 10. e4 {[%clk 1:02:45]} Nxc3
{[%clk 1:31:20]} 11. bxc3 {[%clk 1:02:01]} c5 {[%clk 1:30:46]} 12. Be3
{[%clk 0:59:24]} Rc8 {[%clk 1:25:57]} 13. Rfd1 {[%clk 0:47:25]} cxd4
{[%clk 1:24:42]} 14. Bxd4 {[%clk 0:46:23]} Qc7 {[%clk 1:22:22]} 15. Rac1
{[%clk 0:32:04]} e5 {[%clk 1:16:44]} 16. Be3 {[%clk 0:31:58]} Nf6
{[%clk 1:16:44]} 17. Nd2 {[%clk 0:31:19]} Ng4 {[%clk 1:09:39]} 18. Qd3
{[%clk 0:27:41]} Rfd8 {[%clk 1:07:13]} 19. Qe2 {[%clk 0:27:32]} Nxe3
{[%clk 1:07:40]} 20. Qxe3 {[%clk 0:27:31]} Ba6 {[%clk 1:01:25]} 21. Bh3
{[%clk 0:19:48]} Rd3 {[%clk 0:57:29]} 22. Qe1 {[%clk 0:19:25]} Rcd8
{[%clk 0:45:20]} 23. Bf1 {[%clk 0:19:13]} Ba3 {[%clk 0:45:47]} 24. Rb1
{[%clk 0:16:47]} Qxc3 {[%clk 0:36:03]} 25. Bxd3 {[%clk 0:14:53]} Rxd3
{[%clk 0:31:44]} 26. Rb3 {[%clk 0:14:30]} Qc2 {[%clk 0:31:49]} 27. Rxd3
{[%clk 0:12:42]} Bxd3 {[%clk 0:32:12]} 28. Nb1 {[%clk 0:06:31]} Bc5
{[%clk 0:31:02]} 29. Qd2 {[%clk 0:05:55]} Bxe4 {[%clk 0:30:55]} 30. Qxc2
{[%clk 0:05:17]} Bxc2 {[%clk 0:31:23]} 31. Rd8+ {[%clk 0:05:46]} Bf8
{[%clk 0:31:52]} 32. Na3 {[%clk 0:05:10]} Ba4 {[%clk 0:29:52]} 33. Nc4
{[%clk 0:04:18]} f6 {[%clk 0:30:10]} 34. Ra8 {[%clk 0:03:03]} Bb5
{[%clk 0:29:58]} 35. Ne3 {[%clk 0:02:26]} a6 {[%clk 0:29:07]} 36. Rb8
{[%clk 0:02:27]} Kf7 {[%clk 0:29:18]} 37. Rxb6 {[%clk 0:02:37]} Bc5
{[%clk 0:29:42]} 38. Rb7+ {[%clk 0:02:19]} Kg6 {[%clk 0:29:16]} 39. g4
{[%clk 0:01:27]} Be2 {[%clk 0:28:52]} 40. h3 {[%clk 0:00:43]} h5 {[%clk 0:29:03]}
41. gxh5+ {[%clk 0:00:44]} Bxh5 {[%clk 0:29:31]} 42. Ng4 {[%clk 0:00:47]} Bd4
{[%clk 0:29:40]} 43. Re7 {[%clk 0:00:43]} a5 {[%clk 0:26:22]} 44. Kg2
{[%clk 0:00:50]} Bc5 {[%clk 0:26:25]} 45. Rc7 {[%clk 0:00:44]} Bd4
{[%clk 0:26:49]} 46. f3 {[%clk 0:00:32]} f5 {[%clk 0:26:26]} 47. Nf2
{[%clk 0:00:51]} Kf6 {[%clk 0:26:35]} 48. Rc6+ {[%clk 0:00:48]} Ke7
{[%clk 0:26:48]} 49. Ra6 {[%clk 0:00:41]} Bc3 {[%clk 0:27:12]} 50. Nd1
{[%clk 0:00:47]} Bb4 {[%clk 0:27:41]} 51. Ne3 {[%clk 0:01:03]} f4
{[%clk 0:25:59]} 52. Nd5+ {[%clk 0:00:33]} Kd8 {[%clk 0:25:06]} 53. Nxb4
{[%clk 0:00:43]} axb4 {[%clk 0:25:34]} 54. Rb6 {[%clk 0:01:12]} Bf7
{[%clk 0:26:02]} 55. Rxb4 {[%clk 0:01:25]} Bxa2 {[%clk 0:26:29]} 56. Re4
{[%clk 0:01:54]} Ke7 57. Rxe5+ {[%clk 0:01:57]} Kf6 {[%clk 0:26:30]} 58. Ra5
{[%clk 0:01:38]} Be6 {[%clk 0:26:09]} 59. h4 {[%clk 0:01:42]} Kg6
{[%clk 0:25:28]} 60. Kf2 {[%clk 0:01:27]} Bc8 {[%clk 0:24:07]} 61. Rb5
{[%clk 0:01:28]} Kf6 {[%clk 0:23:49]} 62. Ke1 {[%clk 0:01:22]} Bh3
{[%clk 0:24:03]} 63. Rb4 {[%clk 0:00:46]} Ke5 {[%clk 0:24:00]} 64. Re4+
{[%clk 0:00:38]} Kf5 {[%clk 0:24:29]} 65. Re8 {[%clk 0:00:40]} g6
{[%clk 0:23:12]} 66. Re4 {[%clk 0:00:33]} g5 {[%clk 0:20:39]} 67. hxg5
{[%clk 0:00:33]} Kxg5 {[%clk 0:21:03]} 68. Re5+ {[%clk 0:00:43]} Kh4
{[%clk 0:21:14]} 69. Kf2 {[%clk 0:00:39]} Bc8 {[%clk 0:21:28]} 70. Re8
{[%clk 0:00:42]} Bd7 {[%clk 0:21:23]} 71. Rg8 {[%clk 0:00:32]} Be6
{[%clk 0:21:32]} 72. Rg6 {[%clk 0:00:54]} Bf5 {[%clk 0:21:17]} 73. Rg7
{[%clk 0:01:01]} Be6 {[%clk 0:20:21]} 74. Ke2 {[%clk 0:01:16]} Bc4+
{[%clk 0:20:03]} 75. Kd2 {[%clk 0:01:34]} Bd5 {[%clk 0:20:13]} 76. Rg4+
{[%clk 0:01:36]} Kh3 {[%clk 0:20:21]} 77. Rxf4 {[%clk 0:02:01]} Kg3 78. Ke3
{[%clk 0:02:25]} Bc6 {[%clk 0:20:56]} 79. Rg4+ {[%clk 0:02:31]} Kh3
{[%clk 0:21:19]} 80. Rg6 {[%clk 0:02:34]} Be8 {[%clk 0:21:39]} 81. Rg8
{[%clk 0:02:55]} Bf7 {[%clk 0:22:00]} 82. Rg7 {[%clk 0:03:20]} Bd5
{[%clk 0:22:23]} 83. Kf4 {[%clk 0:03:16]} Bc6 {[%clk 0:22:40]} 84. Rg5
{[%clk 0:02:41]} Be8 {[%clk 0:23:02]} 85. Ke5 {[%clk 0:02:23]} Kh4
{[%clk 0:23:19]} 86. Rg1 {[%clk 0:02:28]} Kh5 {[%clk 0:23:33]} 87. f4
{[%clk 0:02:36]} 1-0

[Event "EYCC 2024 - G14"]
[Site "?"]
[Date "2024.08.31"]
[Round "9.14"]
[White "Balazs, Szabina Zoe"]
[Black "Lajdamik, Kinga"]
[Result "0-1"]
[BlackElo "1697"]
[WhiteElo "1818"]
[LiveChessVersion "1.4.8"]

1. e4 {[%clk 1:30:59]} c6 {[%clk 1:30:46]} 2. d4 {[%clk 1:31:23]} d5
{[%clk 1:31:10]} 3. e5 {[%clk 1:31:48]} Bf5 {[%clk 1:31:33]} 4. Nf3
{[%clk 1:32:10]} e6 {[%clk 1:31:58]} 5. Be2 {[%clk 1:32:34]} Nd7 {[%clk 1:32:23]}
6. O-O {[%clk 1:32:22]} Ne7 {[%clk 1:32:47]} 7. Nbd2 {[%clk 1:30:51]} h6
{[%clk 1:33:08]} 8. c3 {[%clk 1:27:14]} g5 {[%clk 1:32:36]} 9. b4
{[%clk 1:25:47]} Bg7 {[%clk 1:26:57]} 10. Nb3 {[%clk 1:22:00]} Qc7
{[%clk 1:26:24]} 11. a4 {[%clk 1:20:42]} f6 {[%clk 1:26:04]} 12. exf6
{[%clk 1:19:43]} Bxf6 {[%clk 1:26:22]} 13. Re1 {[%clk 1:15:48]} e5
{[%clk 1:16:40]} 14. dxe5 {[%clk 1:12:08]} Nxe5 {[%clk 1:15:01]} 15. Nfd4
{[%clk 1:11:34]} Bg6 {[%clk 1:12:15]} 16. Ba3 {[%clk 1:03:37]} Bf7
{[%clk 1:09:05]} 17. Bh5 {[%clk 0:56:58]} N7g6 {[%clk 1:04:10]} 18. Qc2
{[%clk 0:53:33]} O-O {[%clk 0:59:22]} 19. Qf5 {[%clk 0:49:35]} Bg7
{[%clk 0:53:21]} 20. Ne6 {[%clk 0:41:15]} Bxe6 {[%clk 0:51:44]} 21. Qxe6+
{[%clk 0:41:39]} Kh7 {[%clk 0:51:40]} 22. Nd4 {[%clk 0:38:17]} Nf4
{[%clk 0:50:36]} 0-1